| 000 | 01224nam a2200265Ia 4500 | ||
|---|---|---|---|
| 999 |
_c56164 _d56164 |
||
| 001 | 23265 | ||
| 003 | GE_BSU | ||
| 005 | 20251201203236.0 | ||
| 008 | 181216s2002||||ge |||||||||||||| ||geo|| | ||
| 020 | _a99928-850-6-8 | ||
| 040 | _cGE_BSU | ||
| 041 | _ageo | ||
| 080 | _a338(410) + 658.6/9(410) ბ-45 | ||
| 100 |
_aბელთაძე, იზოლდა _92863 |
||
| 245 |
_aნარკვევი ინგლისის ეკონომიკური განვითარების ისტორიიდან (XV-XVI სს) / _cრედ.: გივი ჟორდანია. |
||
| 264 |
_aბათუმი : _bაჭარა, _c2002. |
||
| 300 |
_a260 გვ. ; _c20 სმ. |
||
| 520 | _aრეზიუმე რუსულ ენაზე | ||
| 541 | _h8 ლ. | ||
| 653 | _aინგლისის ეკონომიკა | ||
| 653 | _aვაჭრობა ინგლისში | ||
| 653 | _aნარკვევი ინგლისის ეკონომიკური განვითარების ისტორიიდან (XV-XVI სს) | ||
| 700 |
_aჟორდანია, გივი _e რედაქტორი _92864 |
||
| 942 |
_cBK _2udc |
||